| 000 | 00401nam a22001577a 4500 | ||
|---|---|---|---|
| 020 | _a978-93-5072-718-8 | ||
| 082 |
_aH100 9 _bPAR/S |
||
| 100 | _aParamanand Sreevasthav | ||
| 245 |
_aSabd aur manushya/ _cby Paramanand Sreevasthav |
||
| 260 |
_aNew Delhi: _bVani, _c2014. |
||
| 300 | _a204p. | ||
| 650 | _aPoetry Hindi Criticism | ||
| 650 | _aLiterature Hindi | ||
| 650 | _aLiterature | ||
| 942 | _cBK | ||
| 999 |
_c52633 _d52633 |
||